| 000 | 01626nam1a22003371 4500 | ||
|---|---|---|---|
| 001 | RU\NLR\A1SV\129324 | ||
| 005 | 20251203171251.9 | ||
| 035 | _a(NLR Aleph) 010520089 | ||
| 090 |
_a10210661 _c10210661 |
||
| 100 | _a20141002d1923 u y0rusy50 ca | ||
| 101 | 0 | _arus | |
| 102 | _aRU | ||
| 200 | 1 |
_aХрестоматия по истории классовой борьбы _fСост. Вал. Фейдер _g[С предисл. Я.Нетупской] _gПетрогубполитпросвет |
|
| 210 |
_aПг. _cПрибой _d1923 |
||
| 215 | _d26 см | ||
| 300 | _aНа обл. сост. не указан | ||
| 300 | _aЗагл. обл.: Хрестоматия классовой борьбы | ||
| 463 | 0 |
_1001RU\NLR\A1SV\129325 _913490327 _p180 с. _tХрестоматия по истории классовой борьбы. - Крестьянство и пролетариат |
|
| 463 | 0 |
_1001RU\NLR\A1SV\129326 _913490328 _p196 с. _tХрестоматия по истории классовой борьбы. - Революция на Западе |
|
| 463 | 0 |
_1001RU\NLR\A1SV\129327 _913490329 _p351 с. _tХрестоматия по истории классовой борьбы. - Революция в России |
|
| 512 | 1 | _aХрестоматия классовой борьбы | |
| 620 | _dСанкт-Петербург | ||
| 700 | 1 |
_aФейдер _bВ. А. _f1883- _gВалерия Андреевна |
|
| 702 | 1 |
_aНетупская _bЯ. |
|
| 801 | 0 |
_aRU _bNLR _c20141002 |
|
| 852 |
_aNLR _j38.4.5.15 |
||
| 852 |
_aNLR _j18.387.3.64-3 |
||
| 942 | _cBOOK | ||
| 980 | _aNB | ||
| 980 | _aA1SV | ||